header

Creative projects with logic audio (Record no. 65310)

MARC details
000 -LEADER
fixed length control field 01063nam a2200289Ia 4500
100 1# - MAIN ENTRY--AUTHOR NAME
Personal name Gemmell, Keith.
245 10 - TITLE STATEMENT
Title Creative projects with logic audio
260 ## - PUBLICATION, DISTRIBUTION, ETC. (IMPRINT)
Place of publication Boston :
Name of publisher Muska and Lipman,
Year of publication 2003.
300 ## - PHYSICAL DESCRIPTION
Number of Pages vi, 218 p. :
Other physical details ill.
500 ## - GENERAL NOTE
General note Includes index.
650 #0 - SUBJECT ADDED ENTRY--TOPICAL TERM
Topical Term Software sequencers.
Topical Term Computer sound processing.
856 40 - ELECTRONIC LOCATION AND ACCESS
Uniform Resource Identifier http://site.ebrary.com/lib/rucke/Doc?id=10054319

No items available.

© 2026 Rongo University
Contact us: librarian | system librarian | Rongo university